European Cities by Picture Sudden Death - Statistics

General Stats
  • This quiz has been taken 72 times
  • The average score is 3 of 16
Answers on the Grid
Answers color-coded by a green-red scale on the quiz's grid according to % correct below.
 
Answer Stats
Answer % Correct
Dresden, Germany
55%
Lucerne, Switzerland
51%
San Marino, San Marino
27%
Lublin, Poland
27%
Stavanger, Norway
18%
Gdnask, Poland
16%
Kosice, Slovakia
16%
Varna, Bulgaria
12%
Minsk, Belarus
10%
Cluj Napoca, Romania
10%
Porto, Portugal
8%
Oulu, Finland
6%
Thessaloniki, Greece
4%
Stara Zagora, Bulgaria
0%
Dnipro, Ukraine
0%
Santander, Spain
0%
No matching quizzes found
Score Distribution
Percent of People with Each Score
Percentile by Number Answered
Your Score History
You have not taken this quiz